000 01021njm a22002537a 4500
005 20100830143451.0
007 sd ammalaaahaa
008 100830t xxu||||| |||| 00| 0 hin d
028 _aN. 16418
_bHis Master's Voice
028 _aOMG. 14488
_bHis Master's Voice
028 _aOMG. 14489
_bHis Master's Voice
035 _aGR-69
040 _aSED/VEN
100 _917458
_aRay, Kumari Juthika
245 _aAaj mere ghar preetam-Kabirdas bhajan part 1 /
_cSing by Kumari Juthika Ray
_h[Sound recording] :
_b
260 _aDum Dum, India
_bHis Master Voice
300 _a1 Sound disc [Gramophone Record] :
_banlog, 33 1/3 rpm
_c10 in (LP)
_fGramophone Records
500 _aBrief record
505 _aGhunght ka pat khol re-Kabirdas (घुंघट के पट खोल रे-कबीरदास) भाग 2
650 _aClasical music
_91186
_zIndia
_xExcerpts
700 _917459
942 _2ddc
_cGR
999 _c43171
_d43171